00628 a2200193 4500502002300000653002600023100002200049300001600071245011600087650002300203650002400226650001500250130000700265710009400272041000700366041000700373653004400380651001000424 aThèse d'exercice1 aSciences agronomiques aAdéossi, Bertin aXXII-132 p. aEtude de la situation alimentaire et nutritionnelle de population du district rural de Dogbo (province du Mono) aNIVEAU ALIMENTAIRE aBESOIN NUTRITIONNEL aPOPULATION lFr aAbomey-Calavi, Université nationale du Bénin, Faculté des Sciences Agronomiques, BJ bFr bEn 1aNutrition et sciences agro-alimentaires aBENIN